[Event "Memorial Romana Baka OPEN FIDE"]
[Site "Starochorzowski Dom Kultury"]
[Date "2013.09.28"]
[Round "2.9"]
[White "Jacel, Lukasz"]
[Black "Mucha, Marek"]
[Result "1/2-1/2"]
[WhiteElo "1917"]
[BlackElo "1546"]
[PlyCount "32"]
[EventDate "2013.??.??"]

1. e4 e6 2. Nc3 d5 3. d4 dxe4 4. Nxe4 Bd7 5. Nf3 Bc6 6. Bd3 Nd7 7. Qe2 Ngf6 8.
Bg5 Be7 9. Bxf6 Nxf6 10. O-O-O Nxe4 11. Bxe4 Bxe4 12. Qxe4 Qd5 13. Qxd5 exd5
14. Rhe1 f6 15. Re3 Kd7 16. h4 h5 1/2-1/2

[Event "Memorial Romana Baka OPEN FIDE"]
[Site "Starochorzowski Dom Kultury"]
[Date "2013.09.28"]
[Round "2.10"]
[White "Grzesiek, Wiktoria"]
[Black "Cieraszewski, Piotr"]
[Result "1/2-1/2"]
[WhiteElo "1434"]
[BlackElo "1917"]
[PlyCount "42"]
[EventDate "2013.??.??"]

1. e4 c5 2. Nf3 Nc6 3. d4 cxd4 4. Nxd4 a6 5. Nc3 Qc7 6. Bc4 e6 7. O-O Bc5 8.
Be3 Nge7 9. Qd2 O-O 10. Rad1 Ba7 11. Bb3 Na5 12. Bg5 Nxb3 13. axb3 f6 14. Bh4
Nc6 15. Bg3 Qb6 16. Nxc6 bxc6 17. Bd6 Re8 18. Na4 Qb7 19. Bc5 d5 20. exd5 cxd5
21. Rfe1 Bd7 1/2-1/2

[Event "Memorial Romana Baka OPEN FIDE"]
[Site "Starochorzowski Dom Kultury"]
[Date "2013.09.28"]
[Round "2.11"]
[White "Rak, Dariusz"]
[Black "Stemplewski, Kamil"]
[Result "1-0"]
[WhiteElo "1885"]
[BlackElo "1505"]
[PlyCount "89"]
[EventDate "2013.??.??"]

1. d4 d5 2. c4 e6 3. Nf3 Nf6 4. Bf4 Bd6 5. Be5 dxc4 6. e3 O-O 7. Bxc4 Bxe5 8.
Nxe5 Nbd7 9. f4 Nxe5 10. fxe5 Nd5 11. Qf3 Qg5 12. Bxd5 exd5 13. O-O c6 14. Nd2
b6 15. Qf4 Qg6 16. e4 Be6 17. Rac1 Rac8 18. Rc3 Qg4 19. Qxg4 Bxg4 20. Rfc1 Bd7
21. Kf2 f6 22. e6 Bxe6 23. Rxc6 Rxc6 24. Rxc6 Re8 25. exd5 Bxd5 26. Rc7 a5 27.
Nc4 Bxc4 28. Rxc4 Re6 29. d5 Rd6 30. Rd4 f5 31. Ke3 Kf7 32. Rd3 Kf6 33. Kd4 f4
34. Ke4 g5 35. Rh3 Rd7 36. Rh6+ Kg7 37. Rxb6 Re7+ 38. Re6 Rxe6+ 39. dxe6 Kf6
40. e7 Kxe7 41. Kf5 h6 42. h4 Kd6 43. hxg5 hxg5 44. Kxg5 Ke5 45. Kg4 1-0

[Event "Memorial Romana Baka OPEN FIDE"]
[Site "Starochorzowski Dom Kultury"]
[Date "2013.09.28"]
[Round "2.12"]
[White "Blasiak, Miroslaw"]
[Black "Grabarczyk, Sylwester"]
[Result "1/2-1/2"]
[WhiteElo "1870"]
[BlackElo "1666"]
[PlyCount "30"]
[EventDate "2013.??.??"]

1. e4 e5 2. Nf3 Nc6 3. Bc4 Nf6 4. Ng5 d5 5. exd5 Na5 6. Bb5+ c6 7. dxc6 bxc6 8.
Be2 h6 9. Nf3 e4 10. Ne5 Qd4 11. f4 Bc5 12. Rf1 Qd6 13. c3 Nb7 14. b4 Bb6 15.
Na3 O-O 1/2-1/2

[Event "Memorial Romana Baka OPEN FIDE"]
[Site "Starochorzowski Dom Kultury"]
[Date "2013.09.28"]
[Round "2.13"]
[White "Zylka, Stanislaw"]
[Black "Stepaniec, Lukasz"]
[Result "1/2-1/2"]
[WhiteElo "1712"]
[BlackElo "1857"]
[PlyCount "46"]
[EventDate "2013.??.??"]

1. e4 c6 2. d4 d5 3. Nc3 dxe4 4. Nxe4 Bf5 5. Ng3 Bg6 6. h4 h6 7. Nh3 Nf6 8. Nf4
Bh7 9. Bc4 Nd5 10. c3 e6 11. Nxd5 cxd5 12. Bb5+ Nd7 13. Bf4 a6 14. Bxd7+ Qxd7
15. O-O Be7 16. Qg4 Rg8 17. Rac1 g5 18. hxg5 hxg5 19. Bd2 f5 20. Qe2 f4 21. Nh1
Bf5 22. f3 Bf6 23. Nf2 Qh7 1/2-1/2

[Event "Memorial Romana Baka OPEN FIDE"]
[Site "Starochorzowski Dom Kultury"]
[Date "2013.09.28"]
[Round "2.14"]
[White "Faron, Rafal"]
[Black "Lendla, Janusz"]
[Result "1-0"]
[WhiteElo "2021"]
[BlackElo "1698"]
[PlyCount "61"]
[EventDate "2013.??.??"]

1. d4 Nf6 2. c4 g6 3. Nc3 Bg7 4. e4 d6 5. Nf3 O-O 6. Be2 e5 7. O-O Nc6 8. Be3
Ng4 9. Bg5 f6 10. Bh4 exd4 11. Nxd4 Nxd4 12. Qxd4 Ne5 13. Qd5+ Kh8 14. Rfd1 Qe8
15. Rac1 Nd7 16. b4 Nb6 17. Qd2 Be6 18. Nb5 Qe7 19. c5 dxc5 20. bxc5 Rfd8 21.
Qa5 Rxd1+ 22. Bxd1 Bh6 23. Rc2 Rd8 24. Be2 Bc4 25. cxb6 Bxe2 26. Rxe2 Rd1+ 27.
Re1 Bd2 28. Rxd1 Bxa5 29. bxa7 Qe8 30. Bxf6+ Kg8 31. Rd8 1-0

[Event "Memorial Romana Baka OPEN FIDE"]
[Site "Starochorzowski Dom Kultury"]
[Date "2013.09.28"]
[Round "2.15"]
[White "Sobek, Piotr"]
[Black "Kostowski, Andrzej"]
[Result "1-0"]
[WhiteElo "1840"]
[BlackElo "1684"]
[PlyCount "77"]
[EventDate "2013.??.??"]

1. e4 c5 2. d4 cxd4 3. c3 dxc3 4. Nxc3 e6 5. Nf3 Nc6 6. Bc4 a6 7. O-O b5 8. Bb3
h6 9. Qe2 Nf6 10. e5 Nh7 11. Rd1 Qc7 12. Bf4 Be7 13. Rac1 f5 14. exf6 Qxf4 15.
fxe7 Nxe7 16. Ne4 O-O 17. Rc3 Nf5 18. Nc5 Nf6 19. Ne5 Nd4 20. Qd2 Qxd2 21. Rxd2
Nxb3 22. Rxb3 d5 23. Rd4 Ra7 24. Rf3 Rc7 25. b4 a5 26. a3 axb4 27. axb4 Nd7 28.
Rxf8+ Nxf8 29. f4 Ra7 30. h3 g6 31. Nc6 Rc7 32. Ne5 Kg7 33. h4 h5 34. Rd3 Ra7
35. Nc6 Ra8 36. Nd4 Rb8 37. Ra3 Kf6 38. Ra7 e5 39. fxe5+ 1-0

[Event "Memorial Romana Baka OPEN FIDE"]
[Site "Starochorzowski Dom Kultury"]
[Date "2013.09.28"]
[Round "2.16"]
[White "Korcz, Daniel"]
[Black "Nowakowski, Jan"]
[Result "1-0"]
[WhiteElo "1795"]
[BlackElo "1675"]
[PlyCount "51"]
[EventDate "2013.??.??"]

1. e4 e5 2. Nf3 Nc6 3. Bc4 d6 4. d4 Bg4 5. h3 Bxf3 6. Qxf3 Qf6 7. Qb3 O-O-O 8.
d5 Na5 9. Qa4 Nxc4 10. Qxc4 Qg6 11. O-O f5 12. f3 Nf6 13. Nc3 a6 14. Be3 f4 15.
Bf2 Qe8 16. b4 b5 17. Qd3 c5 18. Rfb1 c4 19. Qe2 Kd7 20. a4 Rb8 21. axb5 axb5
22. Nxb5 Ke7 23. Ra7+ Nd7 24. Qxc4 Kf6 25. Nxd6 Bxd6 26. Qc6 1-0

[Event "Memorial Romana Baka OPEN FIDE"]
[Site "Starochorzowski Dom Kultury"]
[Date "2013.09.28"]
[Round "2.17"]
[White "Mandla, Maciej"]
[Black "Bilczewski, Kacper"]
[Result "0-1"]
[WhiteElo "1673"]
[BlackElo "1781"]
[PlyCount "78"]
[EventDate "2013.??.??"]

1. e4 e6 2. d3 b6 3. Nf3 Bb7 4. g3 d5 5. Nbd2 Nf6 6. e5 Nfd7 7. Bg2 c5 8. O-O
Nc6 9. Re1 Qc7 10. Qe2 O-O-O 11. c3 Be7 12. Nf1 h6 13. h4 Rdg8 14. d4 g5 15. h5
cxd4 16. cxd4 g4 17. N3h2 Nxd4 18. Qd3 Nc2 19. Bf4 Nxe1 20. Rxe1 Kb8 21. Ne3
Bg5 22. Nhxg4 Bxf4 23. gxf4 Nc5 24. Qd2 Ne4 25. Qd3 Qd8 26. Bxe4 dxe4 27. Qd6+
Ka8 28. Qxd8+ Rxd8 29. Nf6 Rd4 30. Re2 Rc8 31. Neg4 Rc1+ 32. Kh2 Rdd1 33. Kg3
Rg1+ 34. Kh3 Rh1+ 35. Nh2 Rcg1 36. Rd2 Ba6 37. Rd8+ Kb7 38. Nfg4 Rxg4 39. Kxg4
Rxh2 0-1

[Event "Memorial Romana Baka OPEN FIDE"]
[Site "Starochorzowski Dom Kultury"]
[Date "2013.09.28"]
[Round "2.18"]
[White "Krol, Rafal"]
[Black "Domanski, Lukasz"]
[Result "1-0"]
[WhiteElo "1771"]
[BlackElo "1587"]
[PlyCount "95"]
[EventDate "2013.??.??"]

1. Nf3 Nf6 2. g3 d5 3. Bg2 e6 4. O-O Be7 5. d3 c5 6. Nbd2 Nc6 7. e4 O-O 8. c3
Nd7 9. Qc2 b5 10. Rd1 Bb7 11. Nb3 Rc8 12. a3 Qb6 13. c4 bxc4 14. dxc4 d4 15.
Ne1 Ba6 16. f4 e5 17. Bh3 Rfd8 18. Nd3 Rb8 19. Nd2 f6 20. Be6+ Kh8 21. Bd5 Qc7
22. Nf3 Bd6 23. Rb1 Ne7 24. Be6 Nf8 25. Bh3 Bb7 26. fxe5 fxe5 27. Ng5 Neg6 28.
Qf2 Kg8 29. Qf3 Re8 30. Bf5 Ba6 31. h4 Bxc4 32. h5 Nh8 33. h6 g6 34. Bh3 Bxd3
35. Qxd3 c4 36. Qc2 d3 37. Qf2 Bxa3 38. Be3 Bb4 39. Rbc1 Rbd8 40. Bxa7 Rd7 41.
Bxd7 Qxd7 42. Rxc4 Be7 43. Be3 Qg4 44. Qf3 Qd7 45. Rc3 Qb5 46. b3 Rd8 47. Qf1
Qb7 48. Rcxd3 1-0

[Event "Memorial Romana Baka OPEN FIDE"]
[Site "Starochorzowski Dom Kultury"]
[Date "2013.09.28"]
[Round "2.19"]
[White "Lis, Mateusz"]
[Black "Kotula, Magdalena"]
[Result "1-0"]
[WhiteElo "1765"]
[BlackElo "1563"]
[PlyCount "39"]
[EventDate "2013.??.??"]

1. e4 d5 2. exd5 Qxd5 3. Nc3 Qa5 4. Bc4 Nf6 5. d3 c6 6. Bd2 Qc7 7. Qe2 Bg4 8.
f3 Bf5 9. g4 Bg6 10. f4 h5 11. f5 Bh7 12. g5 Ng4 13. Bxf7+ Kxf7 14. g6+ Bxg6
15. fxg6+ Kxg6 16. Qe6+ Kh7 17. Nf3 Rg8 18. O-O-O Nd7 19. Ng5+ Kh8 20. Qg6 1-0

[Event "Memorial Romana Baka OPEN FIDE"]
[Site "Starochorzowski Dom Kultury"]
[Date "2013.09.28"]
[Round "2.20"]
[White "Pasieka, Marcin"]
[Black "Rosicki, Marcin"]
[Result "0-1"]
[WhiteElo "1514"]
[BlackElo "1724"]
[PlyCount "72"]
[EventDate "2013.??.??"]

1. e4 e5 2. Nf3 Nc6 3. Bc4 Nf6 4. Ng5 d5 5. exd5 Na5 6. Bb5+ c6 7. dxc6 bxc6 8.
Be2 h6 9. Nf3 e4 10. Ne5 Qd4 11. Ng4 Bc5 12. c3 Qd6 13. b4 Nxg4 14. bxc5 Qf4
15. Bxg4 Qxg4 16. Qxg4 Bxg4 17. O-O O-O-O 18. f3 exf3 19. gxf3 Bh3 20. Re1 Rd3
21. Kf2 Rhd8 22. Re3 Nc4 23. Rxd3 Rxd3 24. Ke2 Bf5 25. Na3 Ne5 26. Nc2 Rxf3 27.
Ne1 Rh3 28. d4 Rxh2+ 29. Ke3 Nc4+ 30. Kf4 Rf2+ 31. Kg3 Rf1 32. Nf3 Be4 33. Nh2
Rg1+ 34. Kf4 Bd5 35. Ng4 g5+ 36. Kf5 Be6+ 0-1

[Event "Memorial Romana Baka OPEN FIDE"]
[Site "Starochorzowski Dom Kultury"]
[Date "2013.09.29"]
[Round "3.1"]
[White "Morkisz, Bogdan"]
[Black "Widera, Jan"]
[Result "1-0"]
[WhiteElo "2134"]
[BlackElo "1989"]
[PlyCount "101"]
[EventDate "2013.??.??"]

1. e4 c5 2. Nc3 e6 3. g3 d5 4. exd5 exd5 5. d4 Nf6 6. Bg5 Be6 7. Bg2 cxd4 8.
Qxd4 Be7 9. Nge2 Nc6 10. Qd2 Qa5 11. O-O Rd8 12. Rad1 O-O 13. Nd4 Nxd4 14. Qxd4
h6 15. Bd2 Qc5 16. Be3 Qxd4 17. Bxd4 b6 18. Rfe1 Rd7 19. Ne2 Bf5 20. c3 Ne4 21.
Nf4 Rfd8 22. g4 Bh7 23. Nxd5 Rxd5 24. Bxe4 Bxe4 25. Rxe4 Bf6 26. Kg2 Bxd4 27.
Rexd4 Rxd4 28. Rxd4 Re8 29. Kf3 Re7 30. c4 g6 31. b4 Re1 32. a4 Ra1 33. c5 bxc5
34. bxc5 Rc1 35. Rd8+ Kg7 36. Rc8 Ra1 37. Ke4 Rxa4+ 38. Kd5 Ra1 39. c6 a5 40.
Ra8 Rd1+ 41. Kc5 Rc1+ 42. Kd6 Rd1+ 43. Ke7 Rc1 44. Kd7 Rd1+ 45. Kc8 Kf6 46. c7
Rb1 47. Rxa5 Ke7 48. Re5+ Kd6 49. Kd8 Rc1 50. Re7 f6 51. Rd7+ 1-0

[Event "Memorial Romana Baka OPEN FIDE"]
[Site "Starochorzowski Dom Kultury"]
[Date "2013.09.29"]
[Round "3.2"]
[White "Matuszczyk, Krystian"]
[Black "Kuciel, Wladyslaw"]
[Result "0-1"]
[WhiteElo "2019"]
[BlackElo "1970"]
[PlyCount "66"]
[EventDate "2013.??.??"]

1. e4 c5 2. Nf3 e6 3. d4 cxd4 4. Nxd4 Nc6 5. c3 Qc7 6. Nf3 Nf6 7. Bd3 Be7 8.
O-O O-O 9. Re1 d6 10. Na3 a6 11. Nc2 b6 12. Ne3 Bb7 13. Nf1 h6 14. Ng3 Ne5 15.
Bc2 Rad8 16. Qe2 Ng6 17. Nd4 Nd7 18. f4 e5 19. Ndf5 exf4 20. Nxe7+ Nxe7 21.
Bxf4 Ne5 22. Rad1 N7g6 23. Be3 Nc4 24. Bc1 Rfe8 25. Qf2 b5 26. Nf5 Re6 27. Qg3
Rde8 28. h4 Bxe4 29. Rxe4 Rxe4 30. h5 Qc5+ 31. Nd4 Qxh5 32. Rf1 Rh4 33. Rf3
Rh1+ 0-1

[Event "Memorial Romana Baka OPEN FIDE"]
[Site "Starochorzowski Dom Kultury"]
[Date "2013.09.29"]
[Round "3.3"]
[White "Banasik, Henryk"]
[Black "Wojkowski, Mariusz"]
[Result "1/2-1/2"]
[WhiteElo "2011"]
[BlackElo "1358"]
[PlyCount "96"]
[EventDate "2013.??.??"]

1. e4 d6 2. Nc3 Nf6 3. d4 g6 4. f3 c6 5. Be3 Qb6 6. a3 Bg7 7. Bc4 d5 8. exd5
Nxd5 9. Bxd5 cxd5 10. Nge2 e6 11. O-O Nd7 12. Qd2 Qc6 13. Bh6 O-O 14. h4 b6 15.
Bxg7 Kxg7 16. Rfe1 Ba6 17. Nf4 Qc8 18. h5 Nf6 19. Qe3 Qc7 20. Kf2 Rae8 21. hxg6
hxg6 22. Rh1 Rh8 23. Rae1 Qd6 24. Rxh8 Rxh8 25. Qe5 Qxe5 26. Rxe5 Rh1 27. Re1
Rh8 28. a4 Rc8 29. Nd3 Bxd3 30. cxd3 a6 31. Ke3 Nd7 32. Kd2 Kf6 33. Rh1 Kg7 34.
g4 Rh8 35. Rxh8 Kxh8 36. Ke3 Kg7 37. Na2 Kf6 38. Nb4 Nb8 39. Kf4 g5+ 40. Ke3
Kg6 41. Nc2 Nc6 42. b4 b5 43. axb5 axb5 44. Na3 Na7 45. Nb1 Nc6 46. Nc3 Na7 47.
Ke2 Kf6 48. Ke3 Kg6 1/2-1/2

[Event "Memorial Romana Baka OPEN FIDE"]
[Site "Starochorzowski Dom Kultury"]
[Date "2013.09.29"]
[Round "3.4"]
[White "Zawierucha, Aleksander"]
[Black "Raszka, Janusz"]
[Result "1/2-1/2"]
[WhiteElo "2008"]
[BlackElo "2192"]
[PlyCount "83"]
[EventDate "2013.??.??"]

1. d4 d5 2. c4 dxc4 3. Nf3 Nf6 4. e3 e6 5. Bxc4 a6 6. O-O c5 7. a4 Nc6 8. Qe2
cxd4 9. Rd1 Be7 10. exd4 O-O 11. Nc3 Nb4 12. Ne5 b6 13. Be3 Bb7 14. Rac1 Rc8
15. h3 a5 16. Nb5 Nfd5 17. Bb3 Rxc1 18. Rxc1 Bg5 19. Bxd5 Nxd5 20. Nd6 Qxd6 21.
Bxg5 f6 22. Nc4 Qd7 23. Bd2 Re8 24. b3 Ba6 25. Nxb6 Qb7 26. Nc4 Qxb3 27. Nxa5
Qb6 28. Qe4 Rc8 29. Rxc8+ Bxc8 30. Qc2 Bd7 31. Qc4 Qb2 32. Be3 Qa1+ 33. Kh2
Qxa4 34. Qxa4 Bxa4 35. Nc4 Kf7 36. Nd6+ Ke7 37. Ne4 Bc6 38. Nc5 Kd6 39. Ne4+
Kc7 40. Bd2 Bd7 41. Nc3 Nb6 42. Kg3 1/2-1/2

[Event "Memorial Romana Baka OPEN FIDE"]
[Site "Starochorzowski Dom Kultury"]
[Date "2013.09.29"]
[Round "3.5"]
[White "Wiecek, Pawel"]
[Black "Rak, Dariusz"]
[Result "1/2-1/2"]
[WhiteElo "1957"]
[BlackElo "1885"]
[PlyCount "100"]
[EventDate "2013.??.??"]

1. d4 d5 2. c4 e6 3. Nf3 Nf6 4. g3 Be7 5. Bg2 O-O 6. O-O c5 7. cxd5 exd5 8. Nc3
Nc6 9. Bg5 cxd4 10. Nxd4 Qb6 11. Nb3 Be6 12. Be3 Qb4 13. a3 Qd6 14. Bc5 Qd7 15.
Bxe7 Qxe7 16. Nd4 Rfd8 17. Qa4 Rac8 18. Rfd1 a6 19. Rd2 Nxd4 20. Qxd4 Rc4 21.
Qb6 Qc7 22. Qxc7 Rxc7 23. e4 Rcd7 24. exd5 b5 25. b4 Bxd5 26. Nxd5 Nxd5 27.
Rad1 Nb6 28. Rxd7 Rxd7 29. Rxd7 Nxd7 30. Bb7 Nb8 31. f4 Kf8 32. Kf2 Ke7 33. Ke3
Kd6 34. Kd4 f6 35. Ke4 Kc7 36. Ba8 Nd7 37. Bd5 Kd6 38. Bg8 h6 39. Kd4 Nb6 40.
Bb3 Nd7 41. a4 bxa4 42. Bxa4 Nb8 43. Bc2 Nc6+ 44. Kc4 Ne7 45. Be4 Nc6 46. Bd3
Nb8 47. Kc3 Kc6 48. h4 Kb6 49. Kc4 Kc6 50. Kd4 Kd6 1/2-1/2

[Event "Memorial Romana Baka OPEN FIDE"]
[Site "Starochorzowski Dom Kultury"]
[Date "2013.09.29"]
[Round "3.6"]
[White "Stachanczyk, Jacek"]
[Black "Sobek, Piotr"]
[Result "1-0"]
[WhiteElo "2227"]
[BlackElo "1840"]
[PlyCount "105"]
[EventDate "2013.??.??"]

1. e4 e5 2. Nf3 Nc6 3. Bb5 a6 4. Bxc6 dxc6 5. O-O f6 6. d4 Bg4 7. c3 Bd6 8. Be3
Ne7 9. Nbd2 Qd7 10. h3 Bh5 11. Nxe5 Bxd1 12. Nxd7 Bh5 13. Nc5 Bxc5 14. dxc5
O-O-O 15. f3 Bf7 16. Rfd1 Rd3 17. Kf2 Rhd8 18. Ke2 h6 19. Bd4 R3xd4 20. cxd4
Rxd4 21. Ke3 Rd8 22. Nb3 Ng6 23. Rxd8+ Kxd8 24. Nd4 Ne5 25. b3 g6 26. f4 Nd7
27. Rc1 Kc8 28. g4 Kd8 29. Nf3 Ke7 30. Kd4 Nf8 31. f5 g5 32. Rh1 b6 33. h4 Nd7
34. cxb6 cxb6 35. hxg5 hxg5 36. e5 fxe5+ 37. Nxe5 c5+ 38. Ke4 Nf6+ 39. Kd3 Bd5
40. Rh6 b5 41. Rg6 a5 42. Rxg5 a4 43. bxa4 c4+ 44. Kd4 c3 45. Rg7+ Kf8 46. Rc7
bxa4 47. g5 Ne8 48. Rxc3 Bxa2 49. f6 Nd6 50. Rc5 Be6 51. Ra5 a3 52. Ra8+ Bc8
53. Kd5 1-0

[Event "Memorial Romana Baka OPEN FIDE"]
[Site "Starochorzowski Dom Kultury"]
[Date "2013.09.29"]
[Round "3.7"]
[White "Bilczewski, Kacper"]
[Black "Faron, Rafal"]
[Result "1/2-1/2"]
[WhiteElo "1781"]
[BlackElo "2021"]
[PlyCount "24"]
[EventDate "2013.??.??"]

1. e4 e5 2. Nf3 Nc6 3. Bc4 Nf6 4. d3 Be7 5. c3 d6 6. Bb3 O-O 7. O-O Na5 8. Bc2
c5 9. Nbd2 Nc6 10. Nc4 Be6 11. Ne3 h6 12. d4 cxd4 1/2-1/2

[Event "Memorial Romana Baka OPEN FIDE"]
[Site "Starochorzowski Dom Kultury"]
[Date "2013.09.29"]
[Round "3.8"]
[White "Mucha, Piotr"]
[Black "Korcz, Daniel"]
[Result "1/2-1/2"]
[WhiteElo "1976"]
[BlackElo "1795"]
[PlyCount "96"]
[EventDate "2013.??.??"]

1. e4 e5 2. Nf3 Nc6 3. Bb5 a6 4. Ba4 Nf6 5. O-O b5 6. Bb3 Be7 7. Re1 d6 8. h3
Na5 9. c3 Nxb3 10. axb3 Bb7 11. d3 c5 12. Nbd2 O-O 13. Nf1 Re8 14. Ng3 g6 15.
Nh2 d5 16. Qc2 dxe4 17. dxe4 Qc7 18. Bh6 c4 19. b4 a5 20. bxa5 Rxa5 21. Rxa5
Qxa5 22. Qe2 Bc5 23. Qf3 Qb6 24. Bg5 Re6 25. Rd1 Be7 26. Ng4 Nxg4 27. Bxe7 Rxe7
28. Qxg4 Qc7 29. Nf5 Re6 30. Qg5 f6 31. Qg4 Bc8 32. Rd5 Kf8 33. Ne3 Rd6 34. Qh4
Rb6 35. Rd2 Bb7 36. Nd5 Bxd5 37. Rxd5 Kg7 38. Qg4 Rd6 39. Rxb5 Qd7 40. Qxd7+
Rxd7 41. Kh2 g5 42. Rb4 Rd2 43. Kg3 Rd3+ 44. Kg4 Kg6 45. f3 h5+ 46. Kg3 h4+ 47.
Kh2 Rd2 48. Rxc4 Rxb2 1/2-1/2

[Event "Memorial Romana Baka OPEN FIDE"]
[Site "Starochorzowski Dom Kultury"]
[Date "2013.09.29"]
[Round "3.9"]
[White "Klementys, Jerzy"]
[Black "Jacel, Lukasz"]
[Result "1-0"]
[WhiteElo "1766"]
[BlackElo "1917"]
[PlyCount "79"]
[EventDate "2013.??.??"]

1. d4 Nf6 2. c4 e6 3. Nc3 Bb4 4. Qc2 c5 5. e3 O-O 6. a3 Bxc3+ 7. Qxc3 b6 8. Nf3
Ne4 9. Qc2 Bb7 10. Bd3 f5 11. b4 d6 12. Bb2 Nd7 13. O-O Rc8 14. dxc5 bxc5 15.
b5 e5 16. Nd2 Qh4 17. Nxe4 fxe4 18. Be2 Rf6 19. h3 h5 20. Qd1 Rcf8 21. Qe1 g5
22. Rd1 g4 23. f4 Qxe1 24. Rfxe1 gxh3 25. gxh3 Rg6+ 26. Kh2 exf4 27. Bxh5 fxe3
28. Bxg6 Rf2+ 29. Kg3 Rxb2 30. Rxe3 Ne5 31. Bf5 Kf7 32. Rxd6 Nxc4 33. Rd7+ Kf6
34. Rxb7 Nxe3 35. Bxe4 Ke5 36. Bh7 Nf1+ 37. Kh4 Rb3 38. Rxa7 Rxb5 39. Bd3 Rb8
40. Bxf1 1-0

[Event "Memorial Romana Baka OPEN FIDE"]
[Site "Starochorzowski Dom Kultury"]
[Date "2013.09.29"]
[Round "3.10"]
[White "Cieraszewski, Piotr"]
[Black "Krol, Rafal"]
[Result "0-1"]
[WhiteElo "1917"]
[BlackElo "1771"]
[PlyCount "66"]
[EventDate "2013.??.??"]

1. d4 Nf6 2. c4 e6 3. Bg5 Be7 4. Nc3 d5 5. e3 O-O 6. Nf3 h6 7. Bh4 b6 8. cxd5
exd5 9. Rc1 Bb7 10. Bd3 Nbd7 11. O-O c5 12. dxc5 bxc5 13. Qa4 Nb6 14. Qd1 Rc8
15. Re1 Re8 16. Bb1 Nbd7 17. b3 Qa5 18. h3 c4 19. Ne2 Ba3 20. Rc2 Bb4 21. Rf1
Ba6 22. Ned4 cxb3 23. Nxb3 Qb6 24. Nfd4 Bxf1 25. Qxf1 Ne4 26. Qd3 Ne5 27. Qb5
Qxb5 28. Nxb5 g5 29. Bg3 Nxg3 30. fxg3 Rxc2 31. Bxc2 a6 32. N5d4 Nc4 33. Nc6 a5
0-1

[Event "Memorial Romana Baka OPEN FIDE"]
[Site "Starochorzowski Dom Kultury"]
[Date "2013.09.29"]
[Round "3.11"]
[White "Rosicki, Marcin"]
[Black "Jopek, Krzysztof"]
[Result "1-0"]
[WhiteElo "1724"]
[BlackElo "1899"]
[PlyCount "59"]
[EventDate "2013.??.??"]

1. e4 e6 2. d4 d5 3. e5 c5 4. c3 Qb6 5. Nf3 Nc6 6. a3 Nh6 7. b4 cxd4 8. cxd4
Nf5 9. Bb2 Bd7 10. g4 Nfe7 11. Nc3 Na5 12. Rc1 Nc4 13. Bxc4 dxc4 14. Ne4 Nd5
15. Nfd2 Bb5 16. Nxc4 Bxc4 17. Rxc4 Be7 18. Qa4+ Kf8 19. O-O Qd8 20. Qc2 g6 21.
Qd2 Kg7 22. f4 Nb6 23. Rc2 h5 24. f5 gxf5 25. gxf5 Kh7 26. f6 Rg8+ 27. Kf2 Bf8
28. Ng5+ Kg6 29. Qd3+ Kxg5 30. Rg1+ 1-0

[Event "Memorial Romana Baka OPEN FIDE"]
[Site "Starochorzowski Dom Kultury"]
[Date "2013.09.29"]
[Round "3.12"]
[White "Grabarczyk, Sylwester"]
[Black "Szczecina, Kamil"]
[Result "0-1"]
[WhiteElo "1666"]
[BlackElo "1894"]
[PlyCount "84"]
[EventDate "2013.??.??"]

1. f4 d5 2. Nf3 c5 3. e4 e6 4. exd5 Qxd5 5. Nc3 Qd8 6. d4 cxd4 7. Bb5+ Bd7 8.
Qxd4 Nc6 9. Qd1 Bb4 10. Bd2 Nf6 11. a3 Ba5 12. Bd3 O-O 13. Qe2 Qe7 14. b4 Bb6
15. Na4 Nd4 16. Nxd4 Bxd4 17. Bc3 Qd6 18. Rd1 Bxc3+ 19. Nxc3 Qxf4 20. g3 Qc7
21. Nb1 e5 22. Qd2 Bh3 23. Nc3 e4 24. Be2 Rac8 25. Nb5 Qxc2 26. Nxa7 Qxd2+ 27.
Kxd2 Rfd8+ 28. Ke3 Rc3+ 29. Kf4 Nd5+ 30. Ke5 f6+ 31. Kd4 Rxa3 32. Nb5 Nxb4+ 33.
Kc5 Nd3+ 34. Kb6 Rb3 35. Rb1 Be6 36. Rxb3 Bxb3 37. Kxb7 Bc4 38. Kc7 Ra8 39. Nd6
Ra2 40. Rb1 g6 41. Rb7 Kg7 42. Nxc4 Rxe2 0-1

[Event "Memorial Romana Baka OPEN FIDE"]
[Site "Starochorzowski Dom Kultury"]
[Date "2013.09.29"]
[Round "3.13"]
[White "Gromada, Andrzej"]
[Black "Zylka, Stanislaw"]
[Result "0-1"]
[WhiteElo "1874"]
[BlackElo "1712"]
[PlyCount "86"]
[EventDate "2013.??.??"]

1. d4 d5 2. c4 c6 3. e3 e6 4. Nc3 Nf6 5. Nf3 Nbd7 6. Qc2 Bd6 7. Be2 O-O 8. O-O
dxc4 9. Bxc4 b5 10. Bd3 Bb7 11. e4 e5 12. h3 h6 13. Be3 a6 14. Rfd1 Qc7 15.
Rac1 Rac8 16. Qe2 Qb8 17. Nh4 exd4 18. Bxd4 Rfe8 19. Nf5 Bh2+ 20. Kh1 Bf4 21.
Be3 c5 22. Bb1 Re6 23. Rxd7 Nxd7 24. Qg4 Bg5 25. f4 g6 26. fxg5 gxf5 27. Qxf5
Qe5 28. Qg4 hxg5 29. Bxg5 Rg6 30. h4 Nf6 31. Qf3 b4 32. Ne2 Nxe4 33. Rf1 Bd5
34. Nf4 Re8 35. Nxd5 Qxd5 36. Re1 Rge6 37. Kh2 Nf6 38. Qg3 Kf8 39. Bh6+ Ke7 40.
Rf1 Rg8 41. Bg5 Qd6 42. Bf4 Qc6 43. Qf2 Ng4+ 0-1

[Event "Memorial Romana Baka OPEN FIDE"]
[Site "Starochorzowski Dom Kultury"]
[Date "2013.09.29"]
[Round "3.14"]
[White "Mucha, Marek"]
[Black "Blasiak, Miroslaw"]
[Result "0-1"]
[WhiteElo "1546"]
[BlackElo "1870"]
[PlyCount "50"]
[EventDate "2013.??.??"]

1. f4 e5 2. fxe5 d6 3. exd6 Bxd6 4. Nf3 g5 5. g3 g4 6. Nh4 Ne7 7. Nc3 Ng6 8.
Ng2 h5 9. Ne4 h4 10. gxh4 Nxh4 11. d3 Nxg2+ 12. Bxg2 Qh4+ 13. Kf1 Rh5 14. Be3
Nc6 15. Qd2 Be7 16. Kg1 Rh8 17. Rf1 Bd7 18. Qc3 O-O-O 19. Rxf7 Rdf8 20. Rxe7
Qxe7 21. Bc5 Qf7 22. Bxf8 Rxf8 23. b3 Qf4 24. Qe1 Qe3+ 25. Nf2 Nd4 0-1

[Event "Memorial Romana Baka OPEN FIDE"]
[Site "Starochorzowski Dom Kultury"]
[Date "2013.09.29"]
[Round "3.15"]
[White "Stepaniec, Lukasz"]
[Black "Lis, Mateusz"]
[Result "1/2-1/2"]
[WhiteElo "1857"]
[BlackElo "1765"]
[PlyCount "57"]
[EventDate "2013.??.??"]

1. d4 Nf6 2. c4 g6 3. Nc3 Bg7 4. e4 d6 5. Nf3 O-O 6. Be2 Nbd7 7. O-O e5 8. Re1
c6 9. h3 Re8 10. Bf1 exd4 11. Nxd4 Nc5 12. f3 Nh5 13. Nce2 Qb6 14. Rb1 Ne6 15.
Be3 c5 16. Nb5 Be5 17. Nbc3 Ng3 18. Nd5 Nxe2+ 19. Bxe2 Qd8 20. f4 Bd4 21. Bg4
Bg7 22. Bd2 Nd4 23. Bc3 Bxg4 24. Qxg4 Kh8 25. Rbd1 Qc8 26. Qh4 f5 27. exf5 Qxf5
28. Ne7 Qf6 29. Qxf6 1/2-1/2

[Event "Memorial Romana Baka OPEN FIDE"]
[Site "Starochorzowski Dom Kultury"]
[Date "2013.09.29"]
[Round "3.16"]
[White "Stemplewski, Kamil"]
[Black "Grzesiek, Wiktoria"]
[Result "1-0"]
[WhiteElo "1505"]
[BlackElo "1434"]
[PlyCount "69"]
[EventDate "2013.??.??"]

1. e4 c5 2. Nf3 Nc6 3. d4 cxd4 4. Nxd4 Nf6 5. Nc3 e5 6. Ndb5 d6 7. Bg5 a6 8.
Na3 b5 9. Nd5 Be7 10. Bxf6 Bxf6 11. c3 Bg5 12. Nc2 O-O 13. a4 bxa4 14. Rxa4 a5
15. Bc4 Rb8 16. b3 Kh8 17. Nce3 g6 18. O-O f5 19. exf5 gxf5 20. Qh5 e4 21. f4
Be7 22. Kh1 Be6 23. Rd1 Rb7 24. Qe2 Qd7 25. Bb5 Bxd5 26. Nxd5 Bd8 27. Qc4 Rxb5
28. Qxb5 Ne5 29. Qxd7 Nxd7 30. b4 axb4 31. cxb4 Re8 32. Ra6 Be7 33. Nxe7 Rxe7
34. Raxd6 Nf8 35. Rf6 1-0

[Event "Memorial Romana Baka OPEN FIDE"]
[Site "Starochorzowski Dom Kultury"]
[Date "2013.09.29"]
[Round "3.17"]
[White "Lendla, Janusz"]
[Black "Ochowicz, Jakub"]
[Result "1/2-1/2"]
[WhiteElo "1698"]
[BlackElo "1619"]
[PlyCount "118"]
[EventDate "2013.??.??"]

1. d4 Nf6 2. Nf3 g6 3. c4 Bg7 4. Nc3 d6 5. Bf4 O-O 6. e3 Nbd7 7. Be2 Re8 8. h3
c6 9. O-O a6 10. b4 Qb6 11. Rb1 e5 12. Bh2 e4 13. Nd2 d5 14. Qb3 a5 15. cxd5
cxd5 16. Nb5 Re7 17. Nc7 Ra7 18. Rfc1 Nf8 19. Nxd5 Nxd5 20. Rxc8 Nxe3 21. Qxe3
Bxd4 22. Qg5 Qe6 23. Bg4 f5 24. Bxf5 Qxf5 25. Qxf5 gxf5 26. Bd6 Rf7 27. Nb3 Bb6
28. b5 Kg7 29. h4 Ne6 30. Be5+ Kh6 31. Kf1 Nc7 32. Rd1 Kh5 33. Rd6 Na8 34. g3
Bc7 35. Rxc7 Rxc7 36. b6 Nxb6 37. Rxb6 Rc2 38. a3 Ra2 39. Bd6 Rb2 40. a4 Ra6
41. Rxa6 bxa6 42. Nxa5 Ra2 43. Nc4 Rxa4 44. Ne3 Kg6 45. h5+ Kxh5 46. Nxf5 Kg6
47. Ne3 Ra1+ 48. Ke2 Ra2+ 49. Ke1 Kf6 50. Bb4 a5 51. Bc3+ Kg5 52. Bd2 Kf6 53.
Nd1 a4 54. Bc3+ Ke6 55. Bd4 Kf5 56. Nc3 Ra1+ 57. Ke2 Ra3 58. Nb5 Ra2+ 59. Ke3
a3 1/2-1/2